[Event "Asia-ch Amateur"]
[Site "Dubai"]
[Date "2023.08.31"]
[Round "5"]
[White "Cayaba, John Vincent"]
[Black "Kumaresh, A."]
[Result "0-1"]
[WhiteElo "1963"]
[BlackElo "1703"]
[PlyCount "98"]
[EventDate "2023.08.28"]
[EventType "swiss"]
[EventRounds "9"]
[EventCountry "UAE"]
[SourceTitle "CBM 216 Extra"]
[Source "ChessBase"]
[SourceDate "2023.11.30"]
[SourceVersion "1"]
[SourceVersionDate "2023.11.30"]
[SourceQuality "1"]

1. c4 Nf6 2. Nc3 e6 3. e4 d5 4. e5 Ng8 5. d4 Ne7 6. Nf3 dxc4 7. Bxc4 Nd7 8. 0-0 Nb6 9. Bd3 Ng6 10. Ng5 Be7 11. Nce4 h6 12. Nf3 Nh4 13. Nxh4 Bxh4 14. Qg4 g6 15. Rd1 Be7 16. Be3 Bd7 17. Nc5 h5 18. Qe2 Bc6 19. b4 Nd5 20. Bd2 b6 21. Bb5 Bxb5 22. Qxb5+ Kf8 23. Ne4 Qe8 24. Qc4 Qa4 25. Rac1 Kg7 26. Bg5 Bxg5 27. Nxg5 Rac8 28. b5 Qxc4 29. Rxc4 a6 30. a4 axb5 31. axb5 Ra8 32. h4 Ra5 33. Rb1 Rha8 34. Kh2 Ra2 35. Kg1 Re2 36. Rb3 Ra1+ 37. Kh2 Rxf2 38. Rf3 Rxf3 39. gxf3 Ra5 40. Kg3 Rxb5 41. Rc1 Ra5 42. Rc4 Ra2 43. Ne4 b5 44. Rc5 b4 45. Rb5 Rc2 46. Nf6 Nxf6 47. exf6+ Kxf6 48. Rxb4 e5 49. d5 Rc5 0-1

[Event "Asia-ch Amateur"]
[Site "Dubai"]
[Date "2023.08.29"]
[Round "2"]
[White "Ghaith, Saeed Alnuaimi"]
[Black "Cayaba, John Vincent"]
[Result "0-1"]
[WhiteElo "1751"]
[BlackElo "1963"]
[PlyCount "78"]
[EventDate "2023.08.28"]
[EventType "swiss"]
[EventRounds "9"]
[EventCountry "UAE"]
[SourceTitle "CBM 216 Extra"]
[Source "ChessBase"]
[SourceDate "2023.11.30"]
[SourceVersion "1"]
[SourceVersionDate "2023.11.30"]
[SourceQuality "1"]

1. Nf3 Nf6 2. b3 d6 3. d4 g6 4. Bb2 Bg7 5. g3 0-0 6. Bg2 d5 7. c4 c6 8. 0-0 Bf5 9. Nc3 Ne4 10. Nh4 Nxc3 11. Bxc3 Be6 12. c5 Nd7 13. Qc1 Nf6 14. f3 h6 15. e4 dxe4 16. fxe4 Qd7 17. Re1 Rad8 18. Nf3 Bh3 19. Bh1 Ng4 20. Qb2 Qc7 21. Bg2 Bxg2 22. Kxg2 e5 23. dxe5 Rfe8 24. e6 fxe6 25. h3 Rf8 26. hxg4 Rxf3 27. Kxf3 Rd3+ 28. Re3 Bxc3 29. Qxc3 Qf7+ 30. Ke2 Rxc3 31. Rxc3 Qf6 32. Rac1 Qe5 33. Kf3 Qd4 34. Rc4 Qd3+ 35. Kf4 Kf7 36. R1c3 g5+ 37. Ke5 Qd8 38. Rf3+ Ke7 39. Rd4 Qh8+ 0-1

[Event "Dubai op-B 23rd"]
[Site "Dubai"]
[Date "2023.05.31"]
[Round "5"]
[White "Rami, Talab"]
[Black "Cayaba, John Vincent"]
[Result "0-1"]
[WhiteElo "1924"]
[BlackElo "1819"]
[PlyCount "91"]
[EventDate "2023.05.27"]
[EventType "swiss"]
[EventRounds "9"]
[EventCountry "UAE"]
[SourceTitle "CBM 214 Extra"]
[Source "ChessBase"]
[SourceDate "2023.07.31"]
[SourceVersion "1"]
[SourceVersionDate "2023.07.31"]
[SourceQuality "1"]

1. d4 Nf6 2. c4 e6 3. Nf3 b6 4. g3 Ba6 5. Nbd2 d5 6. Bg2 Be7 7. 0-0 0-0 8. Ne5 Bb7 9. b3 Nbd7 10. Bb2 c5 11. cxd5 exd5 12. dxc5 Nxc5 13. Rc1 Rc8 14. Ndf3 Bd6 15. Nd3 Re8 16. Nd4 Bf8 17. Bh3 Ra8 18. Qc2 Nfe4 19. Rfd1 Ng5 20. Bg2 Rc8 21. Qb1 Qd7 22. Nf4 Nce6 23. Ndxe6 fxe6 24. Rc3 Rc7 25. Rxc7 Qxc7 26. Qc1 Qc8 27. Qc2 Qxc2 28. Bc1 Nf7 29. Bb2 Nd8 30. e4 dxe4 31. Rd6 Qd1+ 32. Rxd1 e5 33. Rd7 Bc6 34. Bxe5 Nf7 35. Rd1 Ng5 36. Bb2 Nf3+ 37. Bxf3 exf3 38. Ne2 Bb7 39. Nd4 Bc5 40. Bc1 Rd8 41. Be3 Bb4 42. h3 Bc3 43. Kh2 Ba6 44. g4 Kf7 45. Rc1 Bxd4 46. Rc7+ 0-1

[Event "Dubai op-B 23rd"]
[Site "Dubai"]
[Date "2023.05.28"]
[Round "2"]
[White "Cayaba, John Vincent"]
[Black "Safin, Safarullakhan"]
[Result "1-0"]
[WhiteElo "1819"]
[BlackElo "1546"]
[PlyCount "159"]
[EventDate "2023.05.27"]
[EventType "swiss"]
[EventRounds "9"]
[EventCountry "UAE"]
[SourceTitle "CBM 214 Extra"]
[Source "ChessBase"]
[SourceDate "2023.07.31"]
[SourceVersion "1"]
[SourceVersionDate "2023.07.31"]
[SourceQuality "1"]

1. c4 Nf6 2. Nc3 e6 3. e4 d5 4. e5 d4 5. exf6 dxc3 6. bxc3 Qxf6 7. d4 Bd6 8. Nf3 h6 9. Bd3 0-0 10. Qe2 Qd8 11. c5 Be7 12. Ne5 Nd7 13. Ng4 Bg5 14. f4 Bh4+ 15. g3 Be7 16. 0-0 Nf6 17. Ne5 c6 18. Bd2 Nd7 19. Nf3 Kh8 20. Bc2 Bf6 21. h4 Be7 22. Qd3 f5 23. Rfe1 Nf6 24. Ne5 Qe8 25. g4 Nxg4 26. Nxg4 Qg6 27. Bd1 h5 28. Kg2 hxg4 29. Bb3 Bd7 30. Re3 Rae8 31. a4 Bd8 32. a5 Bc7 33. Re2 a6 34. Qg3 Rf6 35. Qe3 Qh7 36. Be1 Rh6 37. c4 Bd8 38. Qg3 Bxh4 39. Qxh4 Rxh4 40. Bxh4 Kg8 41. Rh1 Qg6 42. Bg5 Kf7 43. Kg3 Rg8 44. d5 Re8 45. Rhe1 Rh8 46. dxe6+ Bxe6 47. Rxe6 Rh3+ 48. Kf2 Qh5 49. Re7+ Kg8 50. Bd1 Rc3 51. R1e2 Rd3 52. Bc2 g3+ 53. Kg1 Rd8 54. R7e5 Rf8 55. Kg2 Qh2+ 56. Kf3 Qh3 57. Rg2 Qg4+ 58. Ke3 g6 59. Bd3 Rc8 60. Be2 Qh3 61. Kf3 Qh1 62. Kxg3 Qe1+ 63. Rf2 Qxa5 64. Kg2 Qb4 65. Bf3 a5 66. Rfe2 a4 67. Re6 Qxc5 68. Rxg6+ Kf7 69. Bh5 Qxc4 70. Rxc6+ Kg8 71. Rxc4 Rxc4 72. Re8+ Kg7 73. Re7+ Kf8 74. Rxb7 Rc2+ 75. Kf3 a3 76. Bf6 Rc8 77. Rh7 Rc3+ 78. Bxc3 a2 79. Bf6 Kg8 80. Rh8# 1-0

[Event "Ramadan Masters Online"]
[Site "Chess.com INT"]
[Date "2020.05.08"]
[Round "6"]
[White "Farahat, Ali"]
[Black "Cayaba, John Vincent"]
[Result "1-0"]
[WhiteElo "2404"]
[BlackElo "1819"]
[PlyCount "75"]
[EventDate "2020.05.08"]
[EventType "swiss (blitz)"]
[EventRounds "12"]
[EventCountry "USA"]
[SourceTitle "CBM 196 Extra"]
[Source "ChessBase"]
[SourceDate "2020.07.31"]
[SourceVersion "1"]
[SourceVersionDate "2020.07.31"]
[SourceQuality "1"]

1. e4 c5 2. Nf3 Nc6 3. Bb5 g6 4. 0-0 Bg7 5. c3 Nf6 6. e5 Nd5 7. d4 cxd4 8. cxd4 d6 9. Nc3 Nxc3 10. bxc3 0-0 11. exd6 Qxd6 12. a4 Bg4 13. Ba3 Qf6 14. Re1 a6 15. Be2 Rfe8 16. h3 Bxf3 17. Bxf3 Rac8 18. Rb1 Na5 19. Bb4 Nc6 20. Bc5 Rb8 21. d5 Ne5 22. Be2 Nd7 23. Ba7 Rbc8 24. Bd4 Qd6 25. Rxb7 Bxd4 26. Qxd4 Nc5 27. Rbb1 Rb8 28. a5 Nb3 29. Qa4 Nc5 30. Qc4 Rec8 31. Rxb8 Rxb8 32. Bf3 Rc8 33. Qb4 Qd7 34. Re3 Kg7 35. c4 Qd6 36. Qb6 Kf8 37. Qb2 Rb8 38. Qh8# 1-0